Lakes in Europe - Sudden Death - Statistics

General Stats
  • This quiz has been taken 39 times
  • The average score is 10 of 21
Answers on the Grid
Answers color-coded by a green-red scale on the quiz's grid according to % correct below.
Albert
Baikal
Balaton
Balkash
Beloye
Constance
Erie
Garda
Geneva
Huron
Imandra
Inari
Issyk-Kul
Khanka
Lacha
Ladoga
Mälaren
Manitoba
Nettilling
Nyuk
Onega
Päijänne
Peipus
Reindeer
Saimaa
Skadar
Superior
Tana
Titicaca
Topozero
Ullswater
Van
Vänern
Vättern
Vostok
Windermere
 
Answer Stats
Answer % Correct
Geneva
93%
Ladoga
76%
Balaton
72%
Constance
72%
Garda
72%
Vänern
72%
Vättern
72%
Päijänne
69%
Saimaa
66%
Mälaren
62%
Onega
59%
Peipus
45%
Skadar
41%
Windermere
38%
Inari
34%
Ullswater
34%
Topozero
17%
Beloye
14%
Lacha
10%
Imandra
7%
Nyuk
7%
No matching quizzes found
Score Distribution
Percent of People with Each Score
Percentile by Number Answered
Your Score History
You have not taken this quiz